|
|
|
|
| LEADER |
00000cam a2200000 7i4500 |
| 001 |
0000015157 |
| 005 |
20080318.0 |
| 008 |
080318 |
| 020 |
|
|
|a 9676118486
|
| 090 |
0 |
0 |
|a SAI
|b MAL
|
| 100 |
0 |
|
|a Said Zahari
|
| 245 |
1 |
0 |
|a Dalam ribuan mimpi gelisah :
|b memoir Said Zahari
|c Said Zahari
|
| 260 |
|
|
|a Kuala Lumpur :
|b Utusan Publications & Distributors ,
|c 2006
|
| 650 |
|
0 |
|a Autobiography
|
| 650 |
|
0 |
|a Journalists
|z Malaysia
|x biography
|
| 650 |
|
0 |
|a Said Zahari, 1928
|
| 999 |
|
|
|a 0001016577
|b Book
|c Adult Collection
|e Perbadanan Perpustakaan Awam Johor
|
| 999 |
|
|
|a 0001016579
|b Book
|c Adult Collection
|e Perbadanan Perpustakaan Awam Johor
|